| 000 | 00504nam a22001697a 4500 | ||
|---|---|---|---|
| 005 | 20240816064255.0 | ||
| 008 | 240816b |||||||| |||| 00| 0 eng d | ||
| 020 | _a0406863148 | ||
| 041 | _aEnglish | ||
| 082 | _a349 SOU | ||
| 100 | _lEnglish | ||
| 245 | _aThe All England Law Reports: Annual Review 1991 | ||
| 260 |
_aLondon: _bButterworths and Publishers (Pty) Ltd, _c1991 |
||
| 300 |
_bxxxiv, 423 pages; _c25 cm. |
||
| 650 |
_aLegal practice _bLaw |
||
| 942 |
_cBK _6ALISON_BN_VRIES |
||
| 999 |
_c2580 _d2580 |
||